| 000 | 00859nac a22002171u 4500 | ||
|---|---|---|---|
| 082 |
_a603 _bSHA |
||
| 090 |
_c6297 _d6297 |
||
| 100 | _aShawki, Ismail | ||
| 245 |
_aTechnical dictionary. Printing Technology: _bEnglish-French-German-Arabic/ _cCompiled and defined by Ismail Shawki, Ali Mahmoud Rashwan; Revised and Edited by Anwar Abd El Wahed |
||
| 260 |
_aLeipzig; Cairo: _bAl-Ahram,1981 _c1981 |
||
| 300 |
_a292, 127 p.: _bill.; _c23 cm. |
||
| 440 | _aAl Maajim Al Tiknolozhiyah Al Takhassusiyah | ||
| 500 | _adistriuter: Al-Ahram | ||
| 511 | _acatalogued by: wessam | ||
| 650 |
_aTechnolgoy _vDictionaries Arabic |
||
| 650 |
_aTechnology _vDictionaries German |
||
| 650 |
_aTechnology _vDictionaries French |
||
| 700 | _aRashwan, Ali Mahmoud | ||
| 700 | _aAbd El Wahed, Anwar Mahmoud | ||
| 942 |
_cNB _k603SHA |
||
| 999 |
_c6297 _d6297 |
||